Anne-Marie Blondeau & Ernst Steinkellner, eds, Reflections of the Mountain. Essays on the History and Social Meaning of the Mountain Cult in Tibet and the Himalaya. Wien, Verlag der Österreichischen Akademie der Wissenschaften, 1996, xi + 262 p., ph., cartes (« Veröffentlichungen zur Sozialanthropologie » 2) (notice n° 1643240)
[ vue normale ]
| 000 -LEADER | |
|---|---|
| fixed length control field | 00729cam a2200145 4500500 |
| 005 - DATE AND TIME OF LATEST TRANSACTION | |
| control field | 20260201162431.0 |
| 041 ## - LANGUAGE CODE | |
| Language code of text/sound track or separate title | fre |
| 042 ## - AUTHENTICATION CODE | |
| Authentication code | dc |
| 100 10 - MAIN ENTRY--PERSONAL NAME | |
| Personal name | Kaplanian, Patrick |
| Relator term | author |
| 245 00 - TITLE STATEMENT | |
| Title | Anne-Marie Blondeau & Ernst Steinkellner, eds, Reflections of the Mountain. Essays on the History and Social Meaning of the Mountain Cult in Tibet and the Himalaya. Wien, Verlag der Österreichischen Akademie der Wissenschaften, 1996, xi + 262 p., ph., cartes (« Veröffentlichungen zur Sozialanthropologie » 2) |
| 260 ## - PUBLICATION, DISTRIBUTION, ETC. | |
| Date of publication, distribution, etc. | 2002.<br/> |
| 500 ## - GENERAL NOTE | |
| General note | 33 |
| 786 0# - DATA SOURCE ENTRY | |
| Note | L'Homme | 163 | 3 | 2002-07-01 | p. 245q-310q | 0439-4216 |
| 856 41 - ELECTRONIC LOCATION AND ACCESS | |
| Uniform Resource Identifier | <a href="https://shs.cairn.info/revue-l-homme-2002-3-page-245q?lang=fr&redirect-ssocas=7080">https://shs.cairn.info/revue-l-homme-2002-3-page-245q?lang=fr&redirect-ssocas=7080</a> |
Pas d'exemplaire disponible.




Réseaux sociaux